[Event "Najdorf Mem Open A 2014"]
[Site "Warsaw POL"]
[Date "2014.07.19"]
[Round "8.2"]
[White "Socko, Bartosz"]
[Black "Durarbayli, Vasif"]
[Result "0-1"]
[WhiteTitle "GM"]
[BlackTitle "GM"]
[WhiteElo "2616"]
[BlackElo "2590"]
[WhiteFideId "1107038"]
[BlackFideId "13402935"]
[EventDate "2014.07.14"]

1. d4 Nf6 2. c4 e6 3. Nf3 b6 4. Bf4 Bb7 5. e3 Be7 6. h3 c5 7. Nc3 cxd4 8. exd4
O-O 9. Be2 d5 10. O-O Nc6 11. cxd5 Nxd5 12. Bg3 Rc8 13. Rc1 Nxc3 14. Rxc3 Bf6
15. Qa4 a6 16. Rd1 b5 17. Qb3 Qb6 18. Be5 Nxe5 19. Nxe5 Rxc3 20. Qxc3 Rc8 21.
Qb4 Qc7 22. a4 Be7 23. Qd2 bxa4 24. Ra1 Qc2 25. Qxc2 Rxc2 26. Bf3 Bxf3 27. Nxf3
Rxb2 28. Rxa4 Rb1+ 29. Kh2 Rb6 30. g3 f6 31. Kg2 Kf7 32. Nd2 Ke8 33. Ra2 Bb4 34.
Nc4 Rc6 35. Ne3 Kd7 36. Kf3 a5 37. d5 Ra6 38. Ra4 exd5 39. Nxd5 Bc5 40. Nc3 Kc6
41. Rc4 Rb6 42. Na4 Rb5 43. Kg2 g6 44. Rc2 Kd6 45. Rd2+ Ke6 46. Re2+ Kd7 47.
Rd2+ Bd6 48. Nc3 Rb6 49. Nd5 Ra6 50. Nxf6+ Kc6 51. Nxh7 a4 52. Nf6 a3 53. Rc2+
Kb5 54. Nd5 Ka4 55. Re2 Kb3 56. Re3+ Kc4 57. Nc3 Rb6 58. Ne4 Bb4 59. Nd2+ Kd5
60. Rd3+ Kc5 61. Rd8 Kb5 62. Nb3 a2 63. Ra8 Ra6 64. Rb8+ Kc4 65. Na1 Kc3 66. Kf3
Ra4 67. Rd8 Kb2 68. Rd1 Ra6 69. Kf4 Re6 70. Kg5 Re1 71. Rd4 Bc3 72. Ra4 Rxa1 73.
Kxg6 Rf1 74. f4 Rf3 75. g4 Rxh3 76. f5 Kb3 77. Rxa2 Kxa2 78. g5 Rf3 79. f6 Kb3
80. Kf7 Kc4 81. Ke6 Kb5 82. Ke7 Kc6 83. f7 Bg7 0-1

[Event "Najdorf Mem Open A 2014"]
[Site "Warsaw POL"]
[Date "2014.07.19"]
[Round "8.3"]
[White "Petrosian, Tigran L."]
[Black "Mista, Aleksander"]
[Result "1-0"]
[WhiteTitle "GM"]
[BlackTitle "GM"]
[WhiteElo "2629"]
[BlackElo "2609"]
[WhiteFideId "13301616"]
[BlackFideId "1110381"]
[EventDate "2014.07.14"]

1. Nf3 d5 2. g3 Nc6 3. Bg2 e5 4. O-O e4 5. Ne1 Nf6 6. d3 Bf5 7. c3 Qd7 8. Bg5
Be7 9. Nc2 Bh3 10. Bxf6 Bxf6 11. dxe4 Bxg2 12. Kxg2 dxe4 13. Qxd7+ Kxd7 14. Rd1+
Kc8 15. Nd2 Re8 16. a4 a5 17. Nc4 Ne5 18. N2e3 Nxc4 19. Nxc4 b6 20. Rd5 Kb7 21.
Rd7 Rf8 22. Rad1 Rad8 23. g4 Rxd7 24. Rxd7 Kc6 25. Rd1 Rd8 26. Ne5+ Kc5 27. b4+
axb4 28. cxb4+ Kxb4 29. Nc6+ Kxa4 30. Nxd8 c5 31. g5 Bb2 32. Rd6 b5 33. Kf1 c4
34. Ke1 b4 35. Nb7 b3 36. Nc5+ Kb4 37. Nxe4 c3 38. Nxc3 Bxc3+ 39. Kd1 f6 40. h4
Be5 41. Rd7 Kc3 42. gxf6 Bxf6 43. h5 h6 44. Kc1 Bh4 45. f4 1-0

[Event "Najdorf Mem Open A 2014"]
[Site "Warsaw POL"]
[Date "2014.07.19"]
[Round "8.4"]
[White "Krasenkow, Michal"]
[Black "Kempinski, Robert"]
[Result "1/2-1/2"]
[WhiteTitle "GM"]
[BlackTitle "GM"]
[WhiteElo "2623"]
[BlackElo "2597"]
[WhiteFideId "1113100"]
[BlackFideId "1105663"]
[EventDate "2014.07.14"]

1. d4 d5 2. c4 c6 3. Nf3 Nf6 4. Nc3 dxc4 5. a4 e6 6. e4 Bb4 7. e5 Nd5 8. Bd2 b5
9. Ne4 Bxd2+ 10. Qxd2 O-O 11. Be2 Na6 12. O-O Nac7 13. Rfe1 Qe7 14. Bf1 Rd8 15.
Nc5 Na6 16. Nxa6 Bxa6 17. axb5 Bxb5 18. Ng5 h6 19. Ne4 Qb4 20. Qc2 Ne7 21. Qc3
Nd5 22. Qc1 Ne7 23. Qc3 Nd5 24. Qc1 Ne7 1/2-1/2

[Event "Najdorf Mem Open A 2014"]
[Site "Warsaw POL"]
[Date "2014.07.19"]
[Round "8.5"]
[White "Rozentalis, Eduardas"]
[Black "Bernadskiy, Vitaliy"]
[Result "1/2-1/2"]
[WhiteTitle "GM"]
[BlackTitle "IM"]
[WhiteElo "2603"]
[BlackElo "2550"]
[WhiteFideId "12800023"]
[BlackFideId "14100371"]
[EventDate "2014.07.14"]

1. e4 c5 2. Nf3 d6 3. Bb5+ Nd7 4. O-O a6 5. Bd3 Ngf6 6. Re1 g6 7. c3 Bg7 8. Bf1
O-O 9. d4 e5 10. dxe5 Nxe5 11. Nxe5 dxe5 12. Qxd8 Rxd8 13. a4 Be6 14. Na3 Ne8
15. Be3 Rac8 16. Bc4 Bd7 17. a5 Bf6 18. f3 Nd6 19. Bd5 Bc6 20. Bxc6 Rxc6 21.
Red1 Rdc8 22. Rd5 Kf8 23. Rad1 Ke7 24. Bxc5 Rxc5 25. Rxd6 R8c7 26. R6d5 Rxd5 27.
Rxd5 Ke6 28. Kf2 Bg5 29. Nb1 f5 30. Ke2 fxe4 31. fxe4 Rc4 32. Kd3 Ra4 33. Na3
Be7 34. Nc4 Ra1 35. Rxe5+ Kf6 36. Rd5 Rg1 37. Ne3 Ke6 38. Ke2 Rb1 39. b4 Bf6 40.
Rc5 Be5 41. h3 Rg1 42. Kf3 Rc1 43. Nd5 Kd7 44. Rc4 Rc2 45. Nb6+ Kd6 46. Na4 Ke7
47. Rc8 Kd6 48. Rc5 Ke6 49. Rd5 Bh2 50. Nc5+ Kf6 51. Rd3 Bg1 52. Nxb7 g5 53. Nc5
h5 54. Rd6+ Ke7 55. e5 Rxc3+ 56. Nd3 Rc4 57. g4 h4 58. Rxa6 Rc2 59. e6 Rh2 60.
Ne5 Kf6 61. Nd7+ Ke7 62. Ne5 Kf6 63. e7+ Kxe7 64. Ke4 Rxh3 65. Nf3 Rg3 66. Nxg5
Rxg4+ 67. Kf5 Rxb4 1/2-1/2

[Event "Najdorf Mem Open A 2014"]
[Site "Warsaw POL"]
[Date "2014.07.19"]
[Round "8.6"]
[White "Melkumyan, Hrant"]
[Black "Sandipan, Chanda"]
[Result "1-0"]
[WhiteTitle "GM"]
[BlackTitle "GM"]
[WhiteElo "2647"]
[BlackElo "2597"]
[WhiteFideId "13302485"]
[BlackFideId "5004225"]
[EventDate "2014.07.14"]

1. Nf3 f5 2. c4 Nf6 3. Nc3 e6 4. d3 d5 5. cxd5 exd5 6. g3 Nc6 7. Bg2 d4 8. Nb1
Be6 9. O-O Bc5 10. Bg5 O-O 11. Nbd2 h6 12. Bxf6 Qxf6 13. Rc1 Bb6 14. Qa4 Bd5 15.
Nb3 Rae8 16. Nc5 Bxc5 17. Rxc5 Qd6 18. Rfc1 Rxe2 19. Nxd4 Re1+ 20. Rxe1 Qxc5 21.
Bxd5+ Qxd5 22. Nxc6 bxc6 23. Qxa7 f4 24. Qa6 Qf3 25. Qc4+ Kh8 26. Qd4 Rf5 27. a4
c5 28. Qe4 fxg3 29. Qxf3 Rxf3 30. hxg3 Rxd3 31. a5 Rd6 32. Ra1 Ra6 33. Kf1 Kg8
34. Ke2 Kf7 35. Kd3 Ke6 36. Kc4 Kd7 37. Kb5 Ra8 38. a6 c6+ 39. Kb6 Rb8+ 40. Kxc5
Kc7 41. a7 Ra8 42. Re1 1-0

[Event "Najdorf Mem Open A 2014"]
[Site "Warsaw POL"]
[Date "2014.07.19"]
[Round "8.7"]
[White "Givon, Asaf"]
[Black "Fedoseev, Vladimir3"]
[Result "0-1"]
[WhiteTitle "IM"]
[BlackTitle "GM"]
[WhiteElo "2452"]
[BlackElo "2668"]
[WhiteFideId "2801841"]
[BlackFideId "24130737"]
[EventDate "2014.07.14"]

1. e4 c5 2. Nf3 e6 3. Nc3 a6 4. d4 cxd4 5. Nxd4 Qc7 6. Bd3 Bc5 7. Nb3 Be7 8. Qg4
Nf6 9. Qxg7 Rg8 10. Qh6 Nc6 11. Bf4 d6 12. Bg3 b5 13. O-O-O b4 14. Na4 e5 15.
Qe3 Rb8 16. Nd2 Bd7 17. b3 Nd4 18. f3 Bxa4 19. bxa4 Ng4 20. Qe1 Nxc2 21. Bxc2
Rc8 22. Nc4 Qxc4 23. Rd2 Qxa2 24. Kd1 Bg5 25. fxg4 b3 26. Bd3 Bxd2 27. Qxd2 Qa1+
28. Ke2 Qxh1 0-1

[Event "Najdorf Mem Open A 2014"]
[Site "Warsaw POL"]
[Date "2014.07.19"]
[Round "8.8"]
[White "Dragun, Kamil"]
[Black "Macieja, Bartlomiej"]
[Result "0-1"]
[WhiteTitle "GM"]
[BlackTitle "GM"]
[WhiteElo "2518"]
[BlackElo "2607"]
[WhiteFideId "1134167"]
[BlackFideId "1104306"]
[EventDate "2014.07.14"]

1. d4 Nf6 2. c4 e6 3. Nc3 Bb4 4. Nf3 b6 5. Bg5 Bb7 6. e3 h6 7. Bh4 g5 8. Bg3 Ne4
9. Qc2 Bxc3+ 10. bxc3 d6 11. Nd2 Nxg3 12. hxg3 Nd7 13. Rh2 Nf6 14. Be2 c5 15.
Bf3 Qc7 16. O-O-O Ke7 17. Rdh1 cxd4 18. cxd4 Bxf3 19. gxf3 b5 20. c5 dxc5 21.
Rxh6 Rxh6 22. Rxh6 Rc8 23. Qxc5+ Qxc5+ 24. dxc5 Nd7 25. Nb3 Nxc5 26. Nxc5 Rxc5+
27. Kb2 a5 28. f4 g4 29. Rh7 Rd5 30. Kc2 Rc5+ 31. Kb2 Kf6 32. e4 Rc4 33. e5+ Ke7
34. Rg7 Re4 35. Rxg4 Re2+ 36. Kb3 Rxf2 37. Rg8 Rf3+ 38. Kb2 b4 39. Kc2 Ra3 40.
Kb2 Rf3 41. Kc2 Rc3+ 42. Kb2 a4 43. Rb8 a3+ 44. Kb1 Rc4 45. Ra8 f5 46. Ra7+ Kd8
47. Ra6 Kd7 48. Rd6+ Ke7 49. Rb6 Rc3 50. Rxb4 Rxg3 51. Ra4 Rf3 52. Kc2 Kf7 53.
Ra7+ Kg6 54. Ra6 Kh5 55. Rxe6 Kg4 56. Ra6 Kxf4 57. e6 Re3 58. e7 Rxe7 59. Rxa3
Kg4 60. Ra8 f4 61. Rf8 Re2+ 62. Kb3 f3 63. Rg8+ Kh3 64. Rh8+ Kg2 65. Rg8+ Kf1
66. Rf8 f2 67. a4 Re4 0-1

[Event "Najdorf Mem Open A 2014"]
[Site "Warsaw POL"]
[Date "2014.07.19"]
[Round "8.9"]
[White "Vovk, Yuri"]
[Black "Olszewski, Michal"]
[Result "1-0"]
[WhiteTitle "GM"]
[BlackTitle "GM"]
[WhiteElo "2591"]
[BlackElo "2553"]
[WhiteFideId "14113171"]
[BlackFideId "1121251"]
[EventDate "2014.07.14"]

1. Nf3 Nf6 2. c4 e6 3. Nc3 Bb4 4. g3 O-O 5. Bg2 d5 6. Qb3 Nc6 7. d4 Ne4 8. cxd5
exd5 9. O-O Bxc3 10. bxc3 Re8 11. Bf4 Na5 12. Qc2 Bf5 13. Qc1 h6 14. Ne5 c5 15.
f3 Ng5 16. e4 Bh7 17. exd5 f6 18. h4 cxd4 19. hxg5 fxe5 20. Bd2 hxg5 21. cxd4
Rc8 22. Bxa5 Qxa5 23. Qxg5 Qxd5 24. Rad1 Rc2 25. dxe5 Qc5+ 26. Kh1 Rxa2 27. Rd8
Qc6 28. Rxe8+ Qxe8 29. Rd1 Kf7 30. Qf4+ 1-0

[Event "Najdorf Mem Open A 2014"]
[Site "Warsaw POL"]
[Date "2014.07.19"]
[Round "8.10"]
[White "Heberla, Bartlomiej"]
[Black "Tomczak, Jacek"]
[Result "1/2-1/2"]
[WhiteTitle "GM"]
[BlackTitle "GM"]
[WhiteElo "2578"]
[BlackElo "2547"]
[WhiteFideId "1115120"]
[BlackFideId "1124668"]
[EventDate "2014.07.14"]

1. c4 Nf6 2. Nc3 d5 3. cxd5 Nxd5 4. g3 c5 5. Bg2 Nc7 6. Qa4+ Bd7 7. Qb3 Nc6 8.
Qxb7 Nd4 9. Qe4 g6 10. Qb1 Bf5 11. Be4 Bg7 12. Bxf5 Nxf5 13. e3 O-O 14. Nge2 e5
15. O-O Ne6 16. b3 Qd7 17. Ne4 Nd6 18. Qd3 Qc6 19. N2c3 Rad8 20. Ba3 f5 21. Nxd6
Rxd6 22. Qc4 Kh8 23. h4 g5 24. Qb5 Qf3 25. Qe2 Qxe2 26. Nxe2 Rxd2 27. Rfe1 e4
28. Rac1 Rc8 29. Bb4 Rxa2 30. Bc3 gxh4 31. Bxg7+ Kxg7 32. Ra1 Rxa1 33. Rxa1 hxg3
34. Nxg3 Kf6 35. Rxa7 Rc7 36. Rxc7 Nxc7 37. f3 Ke5 38. fxe4 fxe4 39. Kg2 Nd5 40.
Nf1 Kf5 41. Ng3+ Ke5 42. Nf1 Kf6 43. Kg3 Kg5 44. Nd2 Nf6 45. Nc4 Kf5 46. Nd6+
Ke6 47. Nc4 Nd5 48. Nd2 Nc3 49. Kf4 Kd5 50. Kf5 Nd1 51. Kf4 Nf2 52. Nb1 Nd1 53.
Nd2 Nc3 54. Kf5 h6 55. Kg6 Nd1 56. Nc4 Kc6 57. Kxh6 Nf2 58. Kg5 Kb5 59. Nd6+ Kb4
60. Nb7 Nd1 1/2-1/2

[Event "Najdorf Mem Open A 2014"]
[Site "Warsaw POL"]
[Date "2014.07.19"]
[Round "8.11"]
[White "Areshchenko, Alexander"]
[Black "Ragger, Markus"]
[Result "0-1"]
[WhiteTitle "GM"]
[BlackTitle "GM"]
[WhiteElo "2701"]
[BlackElo "2639"]
[WhiteFideId "14109530"]
[BlackFideId "1610856"]
[EventDate "2014.07.14"]

1. e4 e5 2. Nf3 Nc6 3. Bb5 Nf6 4. d3 Bc5 5. c3 O-O 6. O-O d6 7. h3 Ne7 8. d4 Bb6
9. Bd3 Ng6 10. Re1 Nh5 11. Bg5 f6 12. Be3 Nhf4 13. Bf1 c6 14. Nbd2 Bc7 15. Qc2
Qe7 16. Rad1 h6 17. b4 Kh7 18. Kh2 Ne6 19. g3 Qf7 20. dxe5 fxe5 21. Bg2 b6 22.
Nf1 a5 23. a3 Nd8 24. c4 Be6 25. Rc1 axb4 26. axb4 c5 27. b5 Ra3 28. N1d2 Nb7
29. Nb1 Ra7 30. Ng1 Rfa8 31. Qd3 Ra4 32. Bf1 Rb4 33. Nd2 Rba4 34. Ne2 Na5 35.
Nc3 Ra3 36. Qb1 Bd8 37. Qd3 Bg5 38. f3 Bxe3 39. Rxe3 Qe7 40. Rb1 Qg5 41. h4 Nxh4
42. gxh4 Qf4+ 43. Kg2 Nxc4 44. Re2 Rf8 45. Nxc4 Bxc4 46. Qxc4 Qxf3+ 47. Kg1 Rxc3
48. Qd5 Qg3+ 49. Rg2 Qe3+ 50. Kh2 Rf4 0-1

[Event "Najdorf Mem Open A 2014"]
[Site "Warsaw POL"]
[Date "2014.07.19"]
[Round "8.12"]
[White "Kanarek, Marcel"]
[Black "Cheparinov, Ivan"]
[Result "1/2-1/2"]
[WhiteTitle "IM"]
[BlackTitle "GM"]
[WhiteElo "2471"]
[BlackElo "2690"]
[WhiteFideId "1126822"]
[BlackFideId "2905540"]
[EventDate "2014.07.14"]

1. d4 Nf6 2. c4 g6 3. Nc3 Bg7 4. e4 d6 5. f3 O-O 6. Be3 c5 7. dxc5 dxc5 8. Qxd8
Rxd8 9. Bxc5 Nc6 10. Nge2 b6 11. Ba3 e6 12. Rd1 Ba6 13. Nb5 Rxd1+ 14. Kxd1 Rd8+
15. Kc2 Nd7 16. Nc1 Nc5 17. Nd3 Nxd3 18. Bxd3 Bxb5 19. cxb5 Nd4+ 20. Kd2 Nxb5
21. Rd1 Nxa3 22. bxa3 Bf8 23. Kc2 Bxa3 24. Ba6 Rd6 25. Rxd6 Bxd6 26. h3 Kg7 27.
Kd3 Kf6 28. Bb5 Ke5 29. Be8 Kf6 30. Bb5 h5 31. Bc6 g5 32. Bb5 Ba3 33. Kd4 h4 34.
Kd3 Ke5 35. Be8 f6 36. Bb5 Kf4 37. Ke2 g4 38. hxg4 Kg3 39. Kf1 h3 40. gxh3 Kxf3
41. Bd7 e5 42. Bc6 Bb4 43. a4 Bd2 44. Bb7 Ke3 45. Bd5 Kf3 46. Bb7 Bb4 47. Bc6
Ba5 48. Bb7 Bd2 49. Bd5 Bg5 50. Ke1 Ke3 51. Kd1 Kd3 52. Bc6 Kc3 53. Ke2 a6 54.
Bd7 Bh4 55. Be8 Kd4 56. Bc6 Bg5 57. Kd1 Kc3 58. Ke2 Kc4 59. Kd1 1/2-1/2

[Event "Najdorf Mem Open A 2014"]
[Site "Warsaw POL"]
[Date "2014.07.19"]
[Round "8.13"]
[White "Agdestein, Simen"]
[Black "Mu, Ke"]
[Result "1-0"]
[WhiteTitle "GM"]
[WhiteElo "2637"]
[BlackElo "2409"]
[WhiteFideId "1500015"]
[BlackFideId "8602778"]
[EventDate "2014.07.14"]

1. c4 Nf6 2. d4 g6 3. Nc3 d5 4. Nf3 Bg7 5. Bg5 Ne4 6. Bf4 Nxc3 7. bxc3 c5 8. e3
O-O 9. cxd5 Qxd5 10. Be2 Nc6 11. O-O Re8 12. c4 Qd7 13. d5 Bxa1 14. Qxa1 Nd8 15.
e4 f6 16. e5 Qf5 17. Qc1 g5 18. Bg3 e6 19. Rd1 Nf7 20. Bd3 Qg4 21. exf6 exd5 22.
cxd5 Qh5 23. d6 g4 24. Bb5 Rf8 25. Ne5 Be6 26. Bc4 Qf5 27. Re1 Bxc4 28. Qxc4 h5
29. d7 Qxf6 30. h3 b5 31. Qd5 Rad8 32. hxg4 h4 33. Bh2 Kh7 34. Nc6 Ra8 35. Bc7
h3 36. Re7 h2+ 37. Kxh2 Rh8 38. Kg3 Qc3+ 39. f3 1-0

[Event "Najdorf Mem Open A 2014"]
[Site "Warsaw POL"]
[Date "2014.07.19"]
[Round "8.15"]
[White "Plichta, Kamil"]
[Black "Duda, Jan-Krzysztof"]
[Result "0-1"]
[BlackTitle "GM"]
[WhiteElo "2247"]
[BlackElo "2580"]
[WhiteFideId "1141830"]
[BlackFideId "1170546"]
[EventDate "2014.07.14"]

1. d4 Nf6 2. c4 e6 3. Nc3 Bb4 4. e3 c5 5. Ne2 cxd4 6. exd4 O-O 7. a3 Be7 8. Nf4
d6 9. Bd3 Nbd7 10. O-O b6 11. Qf3 Ba6 12. Re1 Re8 13. Qh3 Bf8 14. Ne4 h6 15. Nh5
Nxh5 16. Qxh5 Nf6 17. Nxf6+ Qxf6 18. Re3 Qxd4 19. Rg3 Bxc4 20. Bxc4 Qxc4 21.
Bxh6 Rac8 22. b4 Qc2 23. h3 Qh7 24. Qh4 g6 25. Bg5 Qxh4 26. Bxh4 Bg7 27. Rd1 d5
28. Rgd3 Rc2 29. Bg3 Rec8 30. Kf1 a6 31. b5 axb5 32. Rb3 Rb2 33. Rb1 Rxb3 34.
Rxb3 Rc1+ 35. Ke2 Rc2+ 0-1

[Event "Najdorf Mem Open A 2014"]
[Site "Warsaw POL"]
[Date "2014.07.19"]
[Round "8.16"]
[White "Indjic, Aleksandar"]
[Black "Czerwonski, Aleksander"]
[Result "1-0"]
[WhiteTitle "GM"]
[BlackTitle "IM"]
[WhiteElo "2542"]
[BlackElo "2380"]
[WhiteFideId "911925"]
[BlackFideId "1100459"]
[EventDate "2014.07.14"]

1. d4 Nf6 2. c4 g6 3. Nc3 d5 4. cxd5 Nxd5 5. Bd2 Bg7 6. e4 Nb6 7. Be3 O-O 8. h3
Nc6 9. Nf3 e5 10. d5 Ne7 11. Be2 Bd7 12. O-O Nbc8 13. Nd2 Nd6 14. Qb3 b6 15. Nb5
Nxb5 16. Bxb5 c6 17. dxc6 Nxc6 18. Qd5 Rc8 19. Rac1 Be6 20. Qxd8 Nxd8 21. Rxc8
Bxc8 22. Rc1 Ne6 23. Bc4 Bd7 24. Bxe6 Bxe6 25. Rc7 Ra8 26. b3 Bf8 27. Nc4 Bb4
28. Bh6 b5 29. Ne3 Bd6 30. Rb7 a6 31. Ng4 Bxg4 32. hxg4 Bf8 33. Be3 Rd8 34. Kh2
Kg7 35. g5 Rd1 36. Ra7 Rd6 37. Bc5 Rd2 38. Bb6 Rxa2 39. Bc7 Bb4 40. Bd8 Kf8 41.
Ra8 Be7 42. Bc7+ Kg7 43. Bxe5+ 1-0

[Event "Najdorf Mem Open A 2014"]
[Site "Warsaw POL"]
[Date "2014.07.19"]
[Round "8.17"]
[White "Jakubowski, Krzysztof"]
[Black "Krysztofiak, Marcin"]
[Result "1/2-1/2"]
[WhiteTitle "GM"]
[BlackTitle "IM"]
[WhiteElo "2537"]
[BlackElo "2423"]
[WhiteFideId "1112848"]
[BlackFideId "1114751"]
[EventDate "2014.07.14"]

1. e4 c6 2. d4 d5 3. Nd2 dxe4 4. Nxe4 Nd7 5. Nf3 Ngf6 6. Nxf6+ Nxf6 7. Ne5 Be6
8. Be2 g6 9. O-O Bg7 10. c3 O-O 11. Bf4 Nd7 12. Nd3 Re8 13. Re1 Qb6 14. Bf1 Rad8
15. Be3 Qc7 16. Qf3 Bd5 17. Qg3 Qxg3 18. hxg3 e5 19. dxe5 Nxe5 20. Nf4 Bc4 21.
Bxa7 Bxf1 22. Kxf1 Nc4 23. Rxe8+ Rxe8 24. Nd3 Nd2+ 25. Kg1 Rd8 26. Nc5 Ra8 27.
Rd1 Nc4 28. b3 Nb2 29. Rb1 Rxa7 30. Rxb2 Bxc3 31. Rc2 Bd4 32. Nd3 Ra5 33. Kf1
Kf8 34. a4 Ke7 35. Rc4 Rd5 36. g4 Kd8 37. Ke2 Kc7 38. f4 Bf6 39. g5 Bg7 40. Re4
h6 41. gxh6 Bxh6 42. g4 Bf8 43. Ke3 Bd6 44. Rd4 Bc5 45. Nxc5 Rxc5 46. g5 Rc1 47.
Re4 Kd7 48. Rb4 Kc7 49. Re4 Kd7 50. Rb4 1/2-1/2

[Event "Najdorf Mem Open A 2014"]
[Site "Warsaw POL"]
[Date "2014.07.19"]
[Round "8.18"]
[White "Ben Artzi, Ido"]
[Black "Raznikov, Danny"]
[Result "0-1"]
[WhiteTitle "FM"]
[BlackTitle "IM"]
[WhiteElo "2392"]
[BlackElo "2500"]
[WhiteFideId "2810913"]
[BlackFideId "2811154"]
[EventDate "2014.07.14"]

1. d4 Nf6 2. c4 e6 3. Nc3 Bb4 4. e3 O-O 5. Bd3 b6 6. Nf3 Bb7 7. O-O Bxc3 8. bxc3
d6 9. Re1 Ne4 10. Nd2 f5 11. f3 Nxd2 12. Bxd2 Nd7 13. Qc2 Qg5 14. d5 Nc5 15. Kh1
Qh5 16. Be2 exd5 17. cxd5 Bxd5 18. c4 Bc6 19. Bc3 Rae8 20. Qd2 Re6 21. h3 Rg6
22. Bf1 Re8 23. Qf2 Ne6 24. Rad1 Ng5 25. Rd4 Bxf3 26. gxf3 Nxh3 27. Qh4 Qxf3+
28. Kh2 Rg1 0-1

[Event "Najdorf Mem Open A 2014"]
[Site "Warsaw POL"]
[Date "2014.07.19"]
[Round "8.19"]
[White "Zhigalko, Andrey"]
[Black "Schroeder, Jan-Christian"]
[Result "1-0"]
[WhiteTitle "GM"]
[BlackTitle "FM"]
[WhiteElo "2585"]
[BlackElo "2370"]
[WhiteFideId "13502247"]
[BlackFideId "24662259"]
[EventDate "2014.07.14"]

1. e4 e5 2. Nf3 Nc6 3. Bb5 a6 4. Ba4 Nf6 5. O-O Be7 6. Re1 b5 7. Bb3 d6 8. c3
O-O 9. h3 Bb7 10. d4 Re8 11. Nbd2 Bf8 12. a3 Qd7 13. Bc2 Rad8 14. Nb3 h6 15. d5
Ne7 16. Na5 Ba8 17. c4 c6 18. Bd2 Rb8 19. b3 Rec8 20. Rc1 Qd8 21. Nh2 bxc4 22.
bxc4 cxd5 23. cxd5 Rc5 24. Nb3 Rc4 25. Bb4 Ng6 26. Bd3 Rxc1 27. Qxc1 Qb6 28. g3
Ne7 29. Na5 Qd4 30. Qc4 Qxc4 31. Nxc4 Ne8 32. Nf1 Nc8 33. Na5 Nc7 34. Rc1 Nb5
35. Nc6 Bxc6 36. dxc6 Nb6 37. Ne3 Na4 38. Bxb5 axb5 39. c7 Rc8 40. Rc6 1-0

[Event "Najdorf Mem Open A 2014"]
[Site "Warsaw POL"]
[Date "2014.07.19"]
[Round "8.20"]
[White "Przedmojski, Rafal"]
[Black "Piorun, Kacper"]
[Result "0-1"]
[BlackTitle "GM"]
[WhiteElo "2367"]
[BlackElo "2577"]
[WhiteFideId "1102451"]
[BlackFideId "1130420"]
[EventDate "2014.07.14"]

1. d4 f5 2. Bg5 h6 3. Bf4 Nf6 4. Nc3 g5 5. Be5 e6 6. e4 d6 7. Bxf6 Qxf6 8. Qh5+
Kd8 9. e5 dxe5 10. dxe5 Qxe5+ 11. Be2 Bd7 12. Nf3 Qf6 13. Rd1 Bd6 14. g4 Nc6 15.
Nb5 Be7 16. O-O Kc8 17. Bc4 a6 18. Rxd7 axb5 19. Rxe7 Nxe7 20. Bxb5 Ng6 21. h4
Nf4 22. hxg5 hxg5 23. Qxg5 Nh3+ 0-1

[Event "Najdorf Mem Open A 2014"]
[Site "Warsaw POL"]
[Date "2014.07.19"]
[Round "8.21"]
[White "Bartel, Michal"]
[Black "Romanishin, Oleg M"]
[Result "0-1"]
[WhiteTitle "FM"]
[BlackTitle "GM"]
[WhiteElo "2296"]
[BlackElo "2502"]
[WhiteFideId "1119257"]
[BlackFideId "14100088"]
[EventDate "2014.07.14"]

1. e4 e5 2. Nf3 Nc6 3. d4 exd4 4. Nxd4 Bc5 5. Nb3 Bb4+ 6. c3 Be7 7. f4 d6 8.
N1d2 Nh6 9. Bd3 O-O 10. O-O f5 11. Nf3 fxe4 12. Bxe4 Bf5 13. Bd5+ Kh8 14. Nbd4
Nxd4 15. Nxd4 c6 16. Bf3 d5 17. g4 Bd7 18. Be3 Bd6 19. f5 Qh4 20. Qe2 Rae8 21.
Nc2 Nxf5 22. gxf5 Bxf5 23. Rae1 Bxc2 24. Qxc2 Rxf3 0-1

[Event "Najdorf Mem Open A 2014"]
[Site "Warsaw POL"]
[Date "2014.07.19"]
[Round "8.22"]
[White "Popilski, Gil"]
[Black "Lewtak, Damian"]
[Result "1/2-1/2"]
[WhiteTitle "GM"]
[WhiteElo "2500"]
[BlackElo "2331"]
[WhiteFideId "2809060"]
[BlackFideId "1141724"]
[EventDate "2014.07.14"]

1. d4 Nf6 2. c4 e6 3. g3 d5 4. Nf3 dxc4 5. Bg2 a6 6. O-O b5 7. Ne5 Nd5 8. a4 Bb7
9. b3 cxb3 10. axb5 axb5 11. Rxa8 Bxa8 12. Qxb3 c6 13. Ba3 Bd6 14. Bxd5 exd5 15.
Bxd6 Qxd6 16. Qa2 Bb7 17. Qa7 Qc7 18. Rc1 O-O 19. Nc3 Qe7 20. Rc2 f6 21. Nd3 Na6
22. Ra2 Ra8 23. Qb6 h6 24. Nb1 Nb4 25. Qc5 Qxc5 26. Rxa8+ Bxa8 27. Nxc5 Nc2 28.
e3 b4 29. Kf1 Na3 30. Nd2 Kf7 31. Ke2 Ke7 32. Ndb3 Kd6 33. Na6 Bb7 34. Nxb4 Bc8
35. Nc5 Bf5 36. f3 g5 37. e4 dxe4 38. fxe4 Bh3 39. Ncd3 Bg2 40. Nc5 Nc4 41. g4
Bh3 42. Kf3 Nd2+ 43. Kg3 Bf1 44. Nc2 Be2 45. h3 Bf3 46. Ne3 Bxe4 47. Nxe4+ Nxe4+
48. Kf3 Nc3 49. Nf5+ Kd5 50. Ke3 Nd1+ 51. Ke2 Nb2 52. Ke3 c5 53. dxc5 Nc4+ 54.
Kf2 Kxc5 1/2-1/2

[Event "Najdorf Mem Open A 2014"]
[Site "Warsaw POL"]
[Date "2014.07.19"]
[Round "8.23"]
[White "Matuszewski, Michal"]
[Black "Arman, Deniz"]
[Result "1/2-1/2"]
[WhiteTitle "IM"]
[BlackTitle "FM"]
[WhiteElo "2416"]
[BlackElo "2272"]
[WhiteFideId "1129775"]
[BlackFideId "6302106"]
[EventDate "2014.07.14"]

1. d4 Nf6 2. Nf3 g6 3. Bg5 Bg7 4. Nbd2 d6 5. e4 h6 6. Bh4 g5 7. Bg3 Nh5 8. c3 e6
9. Bd3 Nd7 10. Nc4 Qe7 11. Qe2 b6 12. e5 Bb7 13. exd6 Nxg3 14. hxg3 cxd6 15. Ne3
a6 16. O-O-O Nf6 17. Rde1 Qc7 18. Nf5 Kf8 19. Nxg7 Kxg7 20. Qd2 Bxf3 21. gxf3 e5
22. Bc2 Rae8 23. f4 exf4 24. gxf4 Rxe1+ 25. Rxe1 g4 26. Rg1 Kf8 27. Qe2 b5 28.
a4 Qc4 29. Kd2 Qxe2+ 30. Kxe2 bxa4 31. Bf5 h5 32. f3 Ke7 33. Kf2 Rb8 34. Rb1 Kf8
35. Kg3 gxf3 36. Kxf3 Nd5 37. Be4 Nf6 38. Bc2 a3 39. bxa3 Rc8 40. Rb3 Nd5 41.
Bd3 Nxc3 42. Bxa6 Rc7 43. Bd3 Ke7 44. Kg3 Kf6 45. Kh4 Nd5 46. Be4 Nc3 47. Bd3
Nd5 48. Be4 Nc3 49. Bd3 1/2-1/2